000 01082 a2200289 4500
003 OSt
005 20180116192332.0
008 120419t xxu||||| |||| 00| 0 eng d
010 _a 2004274108
020 _a1904313108
040 _c0
082 0 4 _a724.19
100 1 _aNorberg-Schulz, Christian.
_9748
245 1 0 _aBaroque architecture /
_cChristian Norberg-Schulz.
260 _aMilano :
_bElecta Architecture ;
_a[London ;
_aNew York] :
_bDistributed by Phaidon Press,
_cc2003.
300 _a223 p. :
_bill. (some col.) ;
_c24 cm.
490 1 _aHistory of world architecture
500 _aIncludes index
505 _a1. The Baroque age 2. The city 3. The church 4. the palace 5. The diffusion of baroque architecture
650 0 _aArchitecture, Baroque.
_9749
650 0 _aEurope
_9750
650 0 _aBaroque architecture
_9751
650 0 _aArchitecture
_zLatin America
_xCongresses
_9752
830 0 _aHistory of world architecture (Electa editrice)
_9753
942 _aSADA
_cBK
_k724.09 NOR 2003
_2ddc
999 _c352349
_d352349